000 01205nam0a2200289 4500
001 RU\NLR\ONL1\13220
005 20260406072434.0
035 _a(NLR Aleph) 009641964
090 _a9549836
_c9549836
100 _a20080410d1972 |||y0rusy50 ca
101 0 _amyv
102 _aRU
105 _ay |||||||||
200 1 _aЭрзянь кель
_eграмматика ды стилистика 8-це кл. тонавтнема кн.
_fД. В. Цыганкин, Н. К. Приставкин
210 _aСаранск
_cМорд. кн. изд-вась
_d1972
215 _a116 с.
_d22
541 1 _aЭрзянский язык
_eграмматика и стилистика, 8-й кл.
_zrus
606 0 _aЭрзянский язык
_91650160
_3RU\NLR\auth\66730328
686 1 _aШ166.311-922
700 1 _4070
_8rus
_cморд.-эрзя
_7ca
_aЦыганкин
_bД. В.
_f1925-
_gДмитрий Васильевич
_3RU\NLR\auth-onl\77157
_9130217
701 1 _aПриставкин
_bН. К.
_gНиколай Константинович
_4070
801 0 _aRU
_bNLR
_c20080410
_gPSBO
852 _aNLR
_bОНЛ
_jМорд.Э./3-2288
942 _cBOOK
980 _aNB